Normal view
MARC view
- Dawat, Islam
Entry Topical Term
001 - CONTROL NUMBER
- control field: 110050
003 - CONTROL NUMBER IDENTIFIER
- control field: NUST
005 - DATE AND TIME OF LATEST TRANSACTION
- control field: 20230309110449.0
008 - FIXED-LENGTH DATA ELEMENTS
- fixed length control field: 230309|| aca||aabn | a|a d
040 ## - CATALOGING SOURCE
- Original cataloging agency: NUST
- Transcribing agency: NUST
150 ## - HEADING--TOPICAL TERM
- Topical term or geographic name entry element: Dawat, Islam
670 ## - SOURCE DATA FOUND
- Source citation: Work cat.: (NUST)179993: Elahi, Prof Dr Fazal 110049, Fazail e Dawat /
